[Básne]

Bibliographic Details
Main Author: Kmecová, Jana 1966- (Author)
Format: Article
Language:Slovak
ISSN:1210-2210
Subjects:

MARC

LEADER 00000nab a2200000 a 4500
001 vtls000732750
003 SK-MaSNL
005 20260304104742.0
008 250429c2000 xo 0 slo
015 |a SNBRB2000/09-23498 
035 |a CLN000084861 
035 |a urn:nbn:sk:snk-abbtp6 
035 |a (urnnbn)urn:nbn:sk:snk:ar-003mek 
035 |a (uuid)067d862d-7fd9-4ae1-b2cf-b29493127750 
040 |a SNKBUCL  |b slo  |c SNKBUCL  |e AACR2 
041 0 |a slo 
044 |a xo  |c SK 
080 |a 885.4-1  |2 1997 
100 1 |a Kmecová, Jana  |d 1966-  |4 aut  |9 107260 
245 1 0 |a [Básne]  |c Jana Kmecová 
504 |a Biogr. údaje 
505 1 |a Premena -- Spriadanie -- Vyhnať sa z koreňa dužinou ... -- Oko vôle -- Pokrč sa na vnútorný papier ... -- Chránim sa pred cudzím ... -- Na počiatku bola chvíľa 
650 0 7 |a lyrické básne, slovenské  |2 snkbucl  |9 28980 
655 7 |a články z novín a časopisov  |2 snkbucl  |9 267496 
773 0 |t Dotyky  |g Roč. 12, č. 1 (2000), s. 36-37  |x 1210-2210 
850 |a Slovenská národná knižnica 
852 |a Slovenská národná knižnica 
958 |a article15 
958 |a OND 
958 |a LX 
958 |a SK 
958 |a EUIPO 
992 |a RBX 
999 |c 2852829  |d 2854759